Pedagogía y psicología de los grupos.
Сохранить в:
| Главный автор: | |
|---|---|
| Другие авторы: | |
| Формат: | |
| Язык: | испанский |
| Предметы: | |
| Метки: |
Нет меток, Требуется 1-ая метка записи!
|
MARC
| LEADER | 00000cam^a2200000uu^4500 | ||
|---|---|---|---|
| 001 | 000488054 | ||
| 005 | 20250521000000.0 | ||
| 008 | 031010s1967^^^^^^^^^^^^rd^r^^000^0^spa^d | ||
| 009 | 20260310125259.826 | ||
| 035 | |a FCE 000031233 | ||
| 035 | |a FCE 016278 | ||
| 037 | |a Acervo ITESO - Biblioteca | ||
| 041 | |a spa | ||
| 082 | 0 | 4 | |a 370.4 |b B263p |
| 100 | |a Brugidou, J.P., |e [et al.] |e (autor) | ||
| 245 | 1 | 0 | |a Pedagogía y psicología de los grupos. |
| 264 | |a España : |b Nova Terra, |c 1967. | ||
| 300 | |a 329 p. | ||
| 336 | |a texto |b txt |2 rdacontenido | ||
| 337 | |a sin mediación |b n |2 rdamedio | ||
| 338 | |a volumen |b nc |2 rdasoporte | ||
| 649 | |a XX | ||
| 650 | |a Docentes | ||
| 650 | |a Teoría | ||
| 650 | |a Material didáctico | ||
| 650 | |a Dinámica de grupo | ||
| 650 | |a Psicología | ||
| 650 | |a Enseñanza | ||
| 650 | |a Psicología de la educación | ||
| 650 | |a Actitud del docente | ||
| 650 | |a Técnicas audiovisuales | ||
| 650 | |a Didáctica grupal | ||
| 650 | |a Formación de docentes | ||
| 650 | |a Pedagogía | ||
| 700 | |a Riambau, Esteban, |e tr |e (autor) | ||
| 910 | |a Fondo Centro de Estudios Educativos | ||
| 920 | |a Impresos - Libros | ||
| 930 | |a Fondos Especiales | ||
| 905 | |a 133 | ||
| 901 | |a ALE016278 |b IT2 |c CEE |u 20250521 | ||
| 902 | |a https://opac.biblio.iteso.mx/vufind/Record/000488054 | ||